Score 0/14 Timer 05:00
1 Play Today
% Correct
Pandapocalypse
93.1%
Dino Drought
92.9%
Bearicane
92.6%
Scorpiquake
92.4%
Vulturecano
91.9%
Thundercats
91.7%
Slither Sleet
90.4%
% Correct
Mooseslide
90.3%
Wolfalanche
89.2%
Salmonami
88.6%
Mongoose Monsoon
84.6%
Meat-eater Shower
84.5%
Typhoonanhas
84.1%
Crocablizzard
84%
Remove Ads.
Support Sporcle.
Get the best of Sporcle when you Go Orange. This ad-free experience offers more features, more stats, and more fun while also helping to support Sporcle. Thank you for becoming a member.

You're not logged in!

Compare scores with friends on all Sporcle quizzes.
OR
Log In

Show Comments

Extras

Top Quizzes Today


Score Distribution

Your Account Isn't Verified!

In order to create a playlist on Sporcle, you need to verify the email address you used during registration. Go to your Sporcle Settings to finish the process.

Report this User

Report this user for behavior that violates our Community Guidelines.

Details: